| 000 | 00383nam a2200157Ia 4500 | ||
|---|---|---|---|
| 008 | 210210b1944 xxu||||| |||| 00| 0 eng d | ||
| 041 | _aeng | ||
| 082 | _a425/174 | ||
| 100 | _aMac CARTHY | ||
| 245 | _aEnglish pronounciation | ||
| 260 |
_aCambridge _bW Heffer & Sons Ltd. _c1944 |
||
| 650 | _apronounciation | ||
| 650 | _aEnglish | ||
| 690 | _aEnglish Grammar | ||
| 906 | _a005950 | ||
| 999 |
_c128967 _d128967 |
||